000 01307 a2200229 4500
005 20080826120441.0
008 080826t xxu||||| |||| 00| 0 hin d
010 _aHIN-83111
020 _a9788126714353
_c350.00
035 _aHN-55457
037 _bपु.प्र.अ.प्र /प्रका
082 _a921
100 _aवैशम्पायन, विश्वनाथ
245 _aअमर शहीद चन्द्रशेखर आज़ाद /
_cविश्वनाथ वैशम्पायन; सुधीर विद्यार्थी द्वारा संपादित
246 _aAmar Shahid Chandrashekhar Azad
_bby Vishwanath Vaishampayan
260 _aनई दिल्ली
_bराजकमल प्रकाशन
_c2007
270 _a1-बी, नेताजी सुभाष मार्ग
_bनई दिल्ली
_e110002
300 _a339पृ
_c22 सेमी (सजिल्द)
_bसचित्र
700 _aसुधीर विद्यार्थी
942 _adpl
_cHN
_k921 / वैशम्पा
_2ddc
_h921
_mवैशम्पा
999 _c11694
_d11694